|
|
|
|
| LEADER |
00000nam a2200000 i 4500 |
| 001 |
1/35703 |
| 008 |
030513s2000 eng d |
| 020 |
|
|
|a 0-387-98734-7
|
| 035 |
|
|
|l 10069926
|
| 040 |
|
|
|a GR-MY-UA
|b gre
|e aacr
|
| 041 |
0 |
|
|a eng
|
| 082 |
0 |
|
|a 577
|2 (21)
|
| 245 |
1 |
0 |
|a Methods in ecosystem science /
|c editors, Osvaldo E. Sala ...[et al.] ; foreword by Eugene P. Odum
|
| 260 |
|
|
|a New York :
|b Springer,
|c c2000
|
| 300 |
|
|
|a xxii, 421 σ.;
|b εικ., πιν., διαγρ.;
|c 26 εκ.
|
| 504 |
|
|
|a Περιέχει βιβλιογραφία και ευρετήριο
|
| 650 |
0 |
0 |
|a Ecology.
|
| 700 |
1 |
|
|a Sala, Osvaldo E.
|4 edt
|
| 700 |
1 |
|
|a Odum, Eugene Pleasants
|d 1913-
|4 aui
|
| 852 |
|
|
|a INST
|b LESVOS
|e 20030513
|h 577 MET
|p 005100026920
|q 005100026920
|t BK
|y 0
|
| 901 |
|
|
|a BIBL1-2003-2
|
| 909 |
|
|
|a Λ
|b 104437
|
| 922 |
|
|
|a 1ΕΛΗ
|b 200303
|c ΕΠΕΑΕΚ2/ΤΓ
|d ΠΑΠΑΣΩΤΗΡΙΟΥ & ΕΛΕΥΘΕΡΟΥΔΑΚΗΣ
|
| 950 |
|
|
|a 118-2002-10-05
|
| 970 |
|
|
|a ΧΡΙΣΤΟΦΑ
|b ΝΙΚΗ
|z 2003/07/17
|